"Devolution" y forma de gobierno en Escocia / (Record no. 184745)

MARC details
000 -LEADER
campo de control de longitud fija 01191nam a2200313 i 4500
001 - NÚMERO DE CONTROL
campo de control 184745
003 - IDENTIFICADOR DE NÚMERO DE CONTROL
campo de control ES-MaACL
005 - FECHA Y HORA DE LA ÚLTIMA TRANSACCIÓN
campo de control 20231127094110.0
008 - DATOS DE LONGITUD FIJA--INFORMACIÓN GENERAL
campo de control de longitud fija 151125s2005 sp |||| | spa d
020 ## - NÚMERO INTERNACIONAL ESTÁNDAR DEL LIBRO
Número Internacional Estándar del Libro 84-259-1297-0
080 ## - NÚMERO DE LA CLASIFICACIÓN DECIMAL UNIVERSAL
Número de la Clasificación Decimal Universal 32(410.5)
080 ## - NÚMERO DE LA CLASIFICACIÓN DECIMAL UNIVERSAL
Número de la Clasificación Decimal Universal 342.25(410.5)
100 1# - ENTRADA PRINCIPAL--NOMBRE DE PERSONA
Nombre de persona Esteban Campos, Carlos Gustavo.
9 (RLIN) 158234
245 11 - MENCIÓN DEL TÍTULO
Título "Devolution" y forma de gobierno en Escocia /
Mención de responsabilidad, etc. Carlos Gustavo Esteban Campos.
260 ## - PUBLICACIÓN, DISTRIBUCIÓN, ETC.
Lugar de publicación, distribución, etc. Madrid :
Nombre del editor, distribuidor, etc. Centro de Estudios Políticos y Constitucionales,
Fecha de publicación, distribución, etc. 2005.
300 ## - DESCRIPCIÓN FÍSICA
Extensión 349 p. ;
Dimensiones 22 cm.
490 1# - MENCIÓN DE SERIE
Mención de serie Estudios constitucionales
500 ## - NOTA GENERAL
Nota general Incluye: Legislación. Jurisprudencia. Hansard...
504 ## - NOTA DE BIBLIOGRAFÍA, ETC.
Nota de bibliografía, etc. Bibliografía: p. 321-339.
650 ## - PUNTO DE ACCESO ADICIONAL DE MATERIA--TÉRMINO DE MATERIA
Término de materia o nombre geográfico como elemento de entrada Descentralización administrativa-
Subdivisión geográfica Escocia.
9 (RLIN) 158235
651 #7 - PUNTO DE ACCESO ADICIONAL DE MATERIA--NOMBRE GEOGRÁFICO
Nombre geográfico Escocia-
Subdivisión general Política y gobierno.
9 (RLIN) 158236
710 2# - ENTRADA AGREGADA--NOMBRE DE ENTIDAD CORPORATIVA
Nombre de entidad corporativa o nombre de jurisdicción como elemento de entrada Centro de Estudios Políticos y Constitucionales (España)
9 (RLIN) 2666
830 0# - PUNTO DE ACCESO ADICIONAL DE SERIE-TÍTULO UNIFORME
Título uniforme Estudios constitucionales
9 (RLIN) 180617
852 ## - LOCALIZACIÓN
Ubicación ES-MaACL
Número de control de estantería A-13647
itemnumber 191756
Sublocalización o colección R.150870
Ubicación en estantería Depósito 1
Signatura antigua Olim: N-6647
Donativo/Legado Donación: Luis Arriaga
903 ## - NOMBRE PERSONAL DE DONANTE
9 23276
a Arriaga, José Luis
e Donante
942 ## - ELEMENTOS DE ENTRADA SECUNDARIOS (KOHA)
Fuente del sistema de clasificación o colocación Clasificación decimal universal
Tipo de ítem Koha Libro impreso
Holdings
Estatus retirado Estado de pérdida Fuente del sistema de clasificación o colocación Estado de daño No para préstamo Biblioteca de origen Biblioteca actual Ubicación en estantería Fecha de adquisición Fuente de adquisición Total de préstamos Signatura topográfica completa Código de barras Visto por última vez Precio de reemplazo Tipo de ítem Koha
    Clasificación decimal universal     Biblioteca del Ateneo de Madrid Biblioteca del Ateneo de Madrid Depósito 1 25/11/2015 Donación   A-13647 1194527 23/02/2023 23/02/2023 Libro impreso